• 首页
  • 本馆介绍
  • 公告通知
  • 最新文献
  • 馆藏检索
  • 电子资源
  • 读者导购
  • 参考咨询
  • 我的图书馆
  • 登录
  • 详细信息显示
  • 放入我的书架
  • 预约/预借图书
  • 作者相关作品
  • 分类相关作品
  • 丛书相关作品
  • 出版社相关作品

书目信息

  • 表格格式
  • 工作单格式
  • 卡片格式
题名:
干细胞
    
 
作者: 山中伸弥 中内启光
分册:  
出版信息: 沈阳   辽宁科学技术出版社  2015.80
页数: 178
开本: 19cm
丛书名:
单 册:
中图分类: Q24
科图分类:
主题词: 细胞学:形态学
电子资源:
ISBN: 7-5381-9267-4
000 00576nam0 2200181 450
001 1735965424
005 20170410095925.42
010    @a7-5381-9267-4
100    @a20170410d km y0chiy0120 ea
101 0  @achi
200 1  @a干细胞@Agan xi bao@f山中伸弥 中内启光@Fshan zhong shen mi zhong nei qi guang
210    @a沈阳@c辽宁科学技术出版社@d2015.80
215    @a178@d19cm
606 0  @a细胞学:形态学
690    @aQ24@v4
701  0 @a山中伸弥 中内启光@Ashan zhong shen mi zhong nei qi guang
801  0 @aCN@b大连网信软件有限公司图书馆·11@c20170410
905    @b6604781@dQ24@en5@f1
    
    干细胞/山中伸弥 中内启光.-沈阳:辽宁科学技术出版社,2015.80
    178;19cm
    
    
    ISBN 7-5381-9267-4:
    
●
相关链接 在E读中查询图书 在五车中查询图书 在当当中查询图书 在豆瓣中查询图书


正题名:干细胞     索取号:Q24/n5         预约/预借

序号 登录号 条形码 馆藏地/架位号 状态 备注
1 6604781   266047814   密集书库-生命科学系/ [索取号:Q24/n5] 在馆    
唐山师范学院图书馆 欢迎您!
大连网信软件有限公司© 版权所有